MDQL
is popping MORE tags! Check the
thread
!
Quizzes
Events
Quiz Creation
Community
Videos
Private Events
Remove Ads
Sign In
Join for FREE
Feedback
Dark Mode
Quiz Categories
Sports
Geography
Music
Movies
Television
Just For Fun
Miscellaneous
History
Literature
Language
Science
Gaming
Entertainment
Religion
Holiday
For Kids
Quiz Lab
Recent
Popular Today
Quiz Kudos Today
Editor Picks
Curator Picks
Quizzes by...
Day
Popularity
Type
Ratings
Length
Year
Community
Subscriptions
Recent Discussions
Orange Saloon
Badges
Playlists
Quests
Create
Leaderboards
Showdown
Live 5
Trivia Bingo
Activity
Puzzle Library
Sporcle Events
Private Events
Virtual Trivia
Globe League
Become a Host
Pub Owners
SporcleCon
Opinionation
Our Games
Videos
Blog
Mobile Apps
Partnerships
Remove Ads and Go Orange
Feedback
Sports
Athletes
MLB
NBA
NHL
NFL
Soccer
Sports Teams
WWE
NCAA
Football
Premier League
Basketball
Baseball
Hockey
Golf
Tennis
Cricket
Rugby
Auto Racing
Olympics
World Cup
Sports
Athletes
MLB
NBA
NHL
NFL
Soccer
Sports Teams
WWE
NCAA
Football
Premier League
Basketball
Baseball
Hockey
Golf
Tennis
Cricket
Rugby
Auto Racing
Olympics
World Cup
Random Quiz
Search Sporcle
×
Quiz Lab
Quiz Lab
Sports
World
Type in answers that appear in a list
Type in answers that appear in a list
Classic
Best Score? Go Orange.
NWA/WCW/World Heavyweight Champions at the New Year Stats
Can you name the wrestlers who were NWA/WCW/World Heavyweight Champion on January 1 of each year?
By
dudemanbearpig
6m
64 Questions
886 Plays
886 Plays
886 Plays
Comments
Comments
Give Quiz Kudos
Give Quiz Kudos
-
- Ratings
hide this ad
More Info
Replay
Link that replays current quiz
Next Quiz
Link to next quiz in quiz playlist
You Got
0%
They Got
Avg Score
73%
Avg Friend Score
Upgrade to see
Score Distribution
Jump to the score distribution portion of the page
Score
0/64
Timer
06:00
0
Plays Today
Year
Champion
% Correct
1982
Ric Flair
97.7%
1983
Ric Flair
97.7%
1984
Ric Flair
97.7%
1985
Ric Flair
97.7%
1986
Ric Flair
97.7%
1987
Ric Flair
97.7%
1988
Ric Flair
97.7%
1989
Ric Flair
97.7%
1990
Ric Flair
97.7%
1994
Ric Flair
97.7%
1996
Ric Flair
96.8%
1991
Sting
94.7%
1998
Sting
94.7%
1995
Hulk Hogan
91.1%
1997
Hollywood Hogan
91.1%
1978
Harley Race
87.7%
1979
Harley Race
87.2%
1980
Harley Race
87.2%
1981
Harley Race
87.2%
1993
Big Van Vader
84.2%
1999
Kevin Nash
83.3%
1992
Lex Luger
82.6%
1955
Lou Thesz
77.2%
1956
Lou Thesz
77.2%
1964
Lou Thesz
77.2%
1965
Lou Thesz
77.2%
1966
Lou Thesz
77.2%
1950
Lou Thesz
77.1%
1951
Lou Thesz
77.1%
1952
Lou Thesz
77.1%
1953
Lou Thesz
77.1%
1954
Lou Thesz
77.1%
Year
Champion
% Correct
1957
Lou Thesz
77.1%
2001
Scott Steiner
76.3%
1970
Dory Funk, Jr.
74.2%
1971
Dory Funk, Jr.
74.2%
1972
Dory Funk, Jr.
74.2%
1973
Dory Funk, Jr.
74.2%
1976
Terry Funk
74.2%
1977
Terry Funk
74.2%
2003
Triple H
73.8%
2004
Triple H
73.8%
2000
Bret Hart
70.5%
2009
John Cena
67.9%
2006
Batista
67.8%
2007
Batista
67.8%
2008
Edge
66.9%
2011
Edge
66.9%
1974
Jack Brisco
63%
1975
Jack Brisco
63%
2010
The Undertaker
60.7%
1962
Buddy Rogers
60.6%
1963
Buddy Rogers
60.6%
2012
Daniel Bryan
59%
2013
The Big Show
51.3%
1968
Gene Kiniski
44.2%
1969
Gene Kiniski
44.2%
1967
Gene Kiniski
43.3%
1949
Orville Brown
39.3%
1960
Pat O'Connor
38.6%
1961
Pat O'Connor
38.6%
2005
vacant
36.2%
1959
Dick Hutton
21.3%
1958
Dick Hutton
20.2%
Quiz Playlist
Details
Report
Send in Message
Add To Playlist
More Info:
NWA Champion (1949-1991), WCW Champion (1992-2001), World Heavyweight Champion (2003-present)
Classic:
Type in answers that appear in a list
Last Updated: Feb 16, 2017
Quiz Scoreboard
CHALLENGE
Sign Up to Join the Scoreboard
Show All
Scores
Hide
Comments
May contain spoilers
Recently Published
Two Season TV Shows II
by 123Four
Television
10m
Image Sorting: Flags VI
by Barbecue
Geography
2m
Find the 'City' Movie
by crazypaving
Movies
60s
More to Explore
Quiz From the Vault
Featured Blog Post
14 Easter Pick-up Lines to Find Eggs With
hide this ad
You Might Also Like...
Tags
World Quiz
WWE Quiz
champion
Heavyweight
January
NWA
WCW
Wrestlers
Today's Top Quizzes in Sports
Browse Sports
hide this ad
Today's Top Quizzes in World
Browse World
Top Contributed Quizzes in Sports
1
Les meilleurs buteurs des matchs entre le PSG et l’OM
2
Les entraîneurs de l'OM et du PSG au 21e siècle
3
2022 World Cup Stars
4
Les joueurs passés par le PSG et l'OM
5
Players with Multiple 50 Home Run Seasons
6
FIFA Club World Cup Champions
7
Criteria MLB: Left Handed Sluggers
8
Les joueurs passés par le LOSC et le RC Lens
9
Top 10 NHL Goal Scorers of All Time
10
MLB Players with Two .350 Batting Average Seasons
Explore More
Trending Topics
Kpop
Harry Potter
Crossword
Anime
NBA
Marvel
Disney
The Office
Pokémon
Soccer
Country
NFL
WWE
Song
Puzzle
hide this ad
More By:
dudemanbearpig
Quiz
Plays
Rating
Category
Featured
Created
WWE Royal Rumble Final Four
309,129
4.45
Sports
Dec 1, 2009
Top 50 Females in Harry Potter
137,462
4.67
Literature
May 10, 2012
Top 25 Non-Humans in Harry Potter
68,939
4.83
Literature
Apr 30, 2012
WrestleMania: 5+ in a Row
63,671
4.54
Sports
Apr 3, 2012
Black WWE PPV Competitors
14,900
4.34
Sports
Nov 6, 2011
Go to Creator's Profile
Score Distribution
Quiz Creator Spotlight
dudemanbearpig
Follow
Send a Message
Quizzes Created
-
Created Quiz Play Count
-
More By This Creator
Popular Quizzes Today
1
Find the US States - No Outlines Minefield
2
Colored Red Africa Blitz
3
Find the 'City' Movie
4
5x2 Blitz: Bands
5
The Countries of the World
6
Find the Countries of Europe - No Outlines Minefield
7
Find the US States
8
US States
More Sports Quizzes
Clickable Begins and Ends: Athletes
Published
Trending Quizzes
Colored Red Europe Blitz I
Colored Red Africa Blitz II
Colored Red Europe Blitz II
Colored Red Africa Blitz III
Even More Two Season TV Shows
Recently Updated
March Madness Men's Triple Doubles
pecheneg
How Do You Spell That?
pecheneg
Godzilla Movies
pecheneg
Grab Bag: 4-10 Letters
pecheneg
2024 March Madness Bracket
pecheneg
Famous TV Couples
Peacemaker
Champions League XIs: Real Madrid
pecheneg
Largest US Cities 1790-2010
pecheneg
Rides in Walt Disney World
pecheneg
Most Oscar Losses (Acting)
pecheneg
Trending Topics
Harry Potter
Crossword
Kpop
NBA
Disney
Anime
Marvel
Puzzle
WWE
Pokémon
Country
Soccer
Song
NFL
The Office
Your Account Isn't Verified!
In order to create a playlist on Sporcle, you need to verify the email address you used during registration. Go to your
Sporcle Settings
to finish the process.
Report this User
Report this user for behavior that violates our
Community Guidelines
.
Details:
Send Report
Go to the Sporcle.com Mobile Site →
Comments